000 01193nam0a2200289 4500
001 RU\NLR\bibl\1795761
005 20250616144509.0
010 _a978-5-87693-401-7
_9200
021 _aRU
_b2011-51458
_93674
035 _a(NLR Aleph) 001786447
090 _a1730176
_c1730176
100 _a20110805d2010 |||y0rusy50 ca
101 0 _arus
102 _aRU
105 _aa |||||||||
200 1 _aГеодезическое обеспечение государственного кадастра недвижимости
_eмонография
_fЕ.И. Аврунев
_gМ-во образования и науки Рос. Федерации, ГОУ ВПО "Сиб. гос. геодез. акад."
210 _aНовосибирск
_cСГГА
_d2010
215 _a143 с.
_cил.
_d21
320 _aБиблиогр.: с. 139-143 (67 назв.)
606 1 _aЗемельный кадастр
_xГеодезическое обеспечение
_92113068
_3RU\NLR\auth\661276840
686 _aД143
700 1 _aАврунев
_bЕ. И.
_gЕвгений Ильич
_4070
801 0 _aRU
_bNLR
_c20110805
_gRCR
801 1 _aRU
_bNLR
_c20110805
942 _cBOOK
980 _aNB